000 01188nam a2200301Ia 4500
001 ebr10748786
003 CaPaEBR
006 m o u
007 cr cn|||||||||
008 130822s2013 at a sb 001 0 eng d
020 _z9781922013835
020 _z9781922013477
040 _aCaPaEBR
_cCaPaEBR
035 _a(OCoLC)859161663
050 1 4 _aUG590
_b.J46 2013eb
082 0 4 _a384.52
_223
100 1 _aJensen, Peter R.
245 1 0 _aWireless at war
_h[electronic resource] :
_bdevelopments in military and clandestine radio 1895-2012 /
_cPeter R. Jensen.
260 _aSydney :
_bRosenberg Publishing,
_c2013.
300 _a352 p. :
_bill.
504 _aIncludes bibliographical references and index.
533 _aElectronic reproduction.
_bPalo Alto, Calif. :
_cebrary,
_d2013.
_nAvailable via World Wide Web.
_nAccess may be limited to ebrary affiliated libraries.
650 0 _aTelegraph, Wireless
_xHistory.
650 0 _aMilitary telecommunication
_xHistory.
655 7 _aElectronic books.
_2local
710 2 _aebrary, Inc.
856 4 0 _uhttp://site.ebrary.com/lib/rucke/Doc?id=10748786
_zAn electronic book accessible through the World Wide Web; click to view
999 _c220289
_d220289